Statistics for Coldest European capital cities (January mean average temperature)

Click here to take the quiz!

General Stats

  • This quiz has been taken 602 times
    (560 since last reset)
  • The average score is 14 of 19

Answer Stats

January TemperatureCapital City% Correct
-6.5°CMoscow
95%
-4.3°COslo
94%
-2.8°CStockholm
92%
-3.9°CHelsinki
91%
-4.6°CRiga
85%
-3.0°CWarsaw
85%
-4.5°CMinsk
83%
-3.4°CTallinn
83%
-3.5°CKiev
81%
-6.1°CVilnius
77%
-2.0°CPrague
72%
-0.0°CReykjavik
71%
-0.4°CBern
66%
-2.4°CBucharest
64%
-0.4°CBratislava
61%
-1.4°CSofia
53%
-1.9°CChisinau
45%
-0.5°CSarajevo
40%
-0.1°CZagreb
37%

Score Distribution

Percentile by Number Answered

Percent of People with Each Score

Your Score History

You have not taken this quiz since the last reset